Municipalities of Oneida County, Wisconsin - Statistics

General Stats
  • This quiz has been taken 19 times
  • The average score is 7 of 25
Answers on the Map
Answers color-coded by a green-red scale on the quiz's map according to % correct below.
 
Answer Stats
Answer % Correct
City of Rhinelander
100%
Census Designated Place of Minocqua
75%
Town of Minocqua
75%
Census Designated Place of Woodruff
63%
Town of Woodruff
63%
Census Designated Place of Three Lakes
50%
Town of Hazelhurst
50%
Town of Sugar Camp
50%
Town of Three Lakes
50%
Census Designated Place of Lake Tomahawk
25%
Town of Lake Tomahawk
25%
Town of Pelican
25%
Town of Cassian
13%
Town of Lynne
13%
Town of Monico
13%
Town of Newbold
13%
Town of Nokomis
13%
Town of Piehl
13%
Town of Woodboro
13%
Town of Crescent
0%
Town of Enterprise
0%
Town of Little Rice
0%
Town of Pine Lake
0%
Town of Schoepke
0%
Town of Stella
0%
No matching quizzes found
Score Distribution
Percent of People with Each Score
Percentile by Number Answered
Your Score History
You have not taken this quiz